00443 2200169 4500001002100000008004100021035002000062245004800082100002700130260003200157300002100189020002200210084001400232082000800246650001000254990000900264INLIS000000000003226 ind  a0010-0623000231 aMy Friend My TroublecKanita Desfara Adzani aAdzani, Kanita Desfara aBandung :bDAR! Mizanc2013 a128 hlm.c21 cm. a978-602-242-140-5 a899 MYF k a899 aNovel a3390